Datum a čas kvízu
20
Celkem bodů
Celkový počet nahraných bodů na tomto kvízu bez doplňovacích otázek.
8.
Pořadí na kvízu
Konečné umístění týmu na tomto kvízu.
Zaznamenané odpovědi
| # | Otázka | Odpověď | Body | Výsledky |
|---|---|---|---|---|
| 1. | V posledních týdnech se do Čes... | spalničky | 1 | |
| 2. | Záchranáři v úterý ráno pomocí... | Rakousko, Grossglockner | 1 | |
| 3. | Jak se nazývá kapela, kterou p... | 4TET | 1 | |
| 4. | Která automobilka získala s je... | Mercedes | 1 | |
| 5. | V pondělí došlo ve španělské f... | strčil hráči prst do zadku | 0 | |
| 6. | Vítězné téma facebookového hla... | 1A 2D 3B 4C | 0 | |
| 7. | Dne 18. dubna 1997 byli odsouz... | Orličtí vrazi | 0 | |
| 8. | Devadesátkovou klasikou je fil... | Fuck Off Guys Good Day | 0 | |
| 9. | Kolik tlačítek má na své předn... | tři | 0 | |
| 10. | Ke kterému městu se v souvislo... | Vsetín | 0 |